Statistics for Days of the Week in Three Languages

Click here to take the quiz!

General Stats

  • This quiz has been taken 32 times
  • The average score is 13 of 21

Answer Stats

LanguageAnswer% Correct
Friday
96%
EnglishMonday
96%
Saturday
96%
Sunday
96%
Thursday
96%
Tuesday
96%
Wednesday
96%
FrenchLundi
73%
Mardi
69%
Mercredi
65%
Jeudi
58%
Dimanche
54%
Samedi
54%
Vendredi
54%
ItalianLunedì
31%
Domenica
27%
Martedì
27%
Mercoledì
27%
Giovedì
23%
Sabato
23%
Venerdì
23%

Score Distribution

Percentile by Number Answered

Percent of People with Each Score

Your Score History

You have not taken this quiz